| 000 | 01284cam a22003495a 4500 | ||
|---|---|---|---|
| 999 |
_c10840 _d10840 |
||
| 001 | 12382295 | ||
| 003 | EG-ScBUE | ||
| 005 | 20200205113414.0 | ||
| 008 | 010417t1996 nyu f b 001 0 eng d | ||
| 020 | _a067399449X (Student edition) | ||
| 020 | _a0673994503 (Instructor's edition) | ||
| 040 |
_aDLC _beng _erda _cDLC _dDLC _dEG-ScBUE |
||
| 082 | 0 | 4 |
_a808.02 _bLES _222 |
| 100 | 1 |
_aLester, James D, _cSr, _d1935-2006, _eauthor. |
|
| 245 | 1 | 0 |
_aWriting research papers : _ba complete guide / _cJames D. Lester, Austin Peay State University. |
| 250 | _aEighth edition. | ||
| 264 | 1 |
_aNew York, NY : _bHarper Collins College Publishers, _c[1996] |
|
| 264 | 4 | _cc1996 | |
| 300 |
_aviii, 408 pages ; _c23 cm |
||
| 336 |
_2rdacontent _atext _btxt |
||
| 337 |
_2rdamedia _aunmediated _bn |
||
| 338 |
_2rdacarrier _avolume _bnc |
||
| 500 | _aIncludes appendices. | ||
| 504 | _aIncludes bibliographical references and index. | ||
| 590 | _arana gobara | ||
| 650 | 7 |
_aReport writing. _2BUEsh _97502 |
|
| 650 | 7 |
_aResearch. _2BUEsh _937911 |
|
| 653 |
_bHHUUEENN _cJuly2019 |
||
| 655 | _vReading book | ||
| 942 |
_2ddc _cBB |
||